<?xml version="1.0" encoding="UTF-8"?>
<collection xmlns="http://www.loc.gov/MARC21/slim">
 <record>
  <leader>01835naa a2200385   4500</leader>
  <controlfield tag="001">1779412053</controlfield>
  <controlfield tag="003">DE-627</controlfield>
  <controlfield tag="005">20211126112321.0</controlfield>
  <controlfield tag="007">cr uuu---uuuuu</controlfield>
  <controlfield tag="008">211126s2003    xx |||||oo    00| ||spa c</controlfield>
  <datafield tag="024" ind1="7" ind2=" ">
   <subfield code="a">10.24310/BoLArte.2003.v0i24.4728</subfield>
   <subfield code="2">doi</subfield>
  </datafield>
  <datafield tag="035" ind1=" " ind2=" ">
   <subfield code="a">(DE-627)1779412053</subfield>
  </datafield>
  <datafield tag="035" ind1=" " ind2=" ">
   <subfield code="a">(DE-599)KXP1779412053</subfield>
  </datafield>
  <datafield tag="040" ind1=" " ind2=" ">
   <subfield code="a">DE-627</subfield>
   <subfield code="b">ger</subfield>
   <subfield code="c">DE-627</subfield>
   <subfield code="e">rda</subfield>
  </datafield>
  <datafield tag="041" ind1=" " ind2=" ">
   <subfield code="a">spa</subfield>
  </datafield>
  <datafield tag="084" ind1=" " ind2=" ">
   <subfield code="a">KUNST</subfield>
   <subfield code="q">DE-16</subfield>
   <subfield code="2">fid</subfield>
  </datafield>
  <datafield tag="100" ind1="1" ind2=" ">
   <subfield code="a">Ríos Moyano, Sonia</subfield>
   <subfield code="e">VerfasserIn</subfield>
   <subfield code="0">(DE-627)1481988956</subfield>
   <subfield code="0">(DE-576)411988956</subfield>
   <subfield code="4">aut</subfield>
  </datafield>
  <datafield tag="245" ind1="1" ind2="0">
   <subfield code="a">[Rezension von: Carlos Sendín, Ooolé! Los diseñadores españoles interpretan la fiesta taurina]</subfield>
   <subfield code="c">Sonia Ríos Moyano</subfield>
  </datafield>
  <datafield tag="264" ind1=" " ind2="1">
   <subfield code="c">2003</subfield>
  </datafield>
  <datafield tag="300" ind1=" " ind2=" ">
   <subfield code="b">Illustrationen</subfield>
  </datafield>
  <datafield tag="336" ind1=" " ind2=" ">
   <subfield code="a">Text</subfield>
   <subfield code="b">txt</subfield>
   <subfield code="2">rdacontent</subfield>
  </datafield>
  <datafield tag="337" ind1=" " ind2=" ">
   <subfield code="a">Computermedien</subfield>
   <subfield code="b">c</subfield>
   <subfield code="2">rdamedia</subfield>
  </datafield>
  <datafield tag="338" ind1=" " ind2=" ">
   <subfield code="a">Online-Ressource</subfield>
   <subfield code="b">cr</subfield>
   <subfield code="2">rdacarrier</subfield>
  </datafield>
  <datafield tag="655" ind1=" " ind2="7">
   <subfield code="a">Rezension</subfield>
   <subfield code="0">(DE-588)4049712-4</subfield>
   <subfield code="0">(DE-627)106186019</subfield>
   <subfield code="0">(DE-576)209083166</subfield>
   <subfield code="2">gnd-content</subfield>
  </datafield>
  <datafield tag="773" ind1="0" ind2="8">
   <subfield code="i">Enthalten in</subfield>
   <subfield code="t">Boletin de arte</subfield>
   <subfield code="d">Malaga, 1999</subfield>
   <subfield code="g">24(2003), Seite 740-743</subfield>
   <subfield code="w">(DE-627)805401458</subfield>
   <subfield code="w">(DE-600)2800739-6</subfield>
   <subfield code="w">(DE-576)420019847</subfield>
   <subfield code="x">2695-415X</subfield>
   <subfield code="7">|||s</subfield>
  </datafield>
  <datafield tag="773" ind1="1" ind2="8">
   <subfield code="g">volume:24</subfield>
   <subfield code="g">year:2003</subfield>
   <subfield code="g">pages:740-743</subfield>
  </datafield>
  <datafield tag="787" ind1="0" ind2="8">
   <subfield code="i">Rezension von</subfield>
   <subfield code="t">Ooolé!</subfield>
   <subfield code="d">Las Rozas (Madrid) : Límite, 2002</subfield>
   <subfield code="h">187 S.</subfield>
   <subfield code="w">(DE-627)1604843063</subfield>
   <subfield code="w">(DE-576)263554333</subfield>
   <subfield code="z">8495330032</subfield>
  </datafield>
  <datafield tag="856" ind1="4" ind2="0">
   <subfield code="u">https://doi.org/10.24310/BoLArte.2003.v0i24.4728</subfield>
   <subfield code="x">Verlag</subfield>
   <subfield code="x">Resolving-System</subfield>
   <subfield code="z">kostenfrei</subfield>
   <subfield code="3">Volltext</subfield>
  </datafield>
  <datafield tag="856" ind1="4" ind2="0">
   <subfield code="u">https://revistas.uma.es/index.php/boletin-de-arte/article/view/4728</subfield>
   <subfield code="x">Verlag</subfield>
   <subfield code="z">kostenfrei</subfield>
   <subfield code="3">Volltext</subfield>
  </datafield>
  <datafield tag="936" ind1="u" ind2="w">
   <subfield code="d">24</subfield>
   <subfield code="j">2003</subfield>
   <subfield code="h">740-743</subfield>
  </datafield>
  <datafield tag="951" ind1=" " ind2=" ">
   <subfield code="a">AR</subfield>
  </datafield>
  <datafield tag="994" ind1=" " ind2=" ">
   <subfield code="u">https://revistas.uma.es/index.php/boletin-de-arte/article/download/4728/4412/</subfield>
  </datafield>
  <datafield tag="994" ind1=" " ind2=" ">
   <subfield code="u">https://revistas.uma.es/index.php/boletin-de-arte/article/download/4728/4412/</subfield>
  </datafield>
  <datafield tag="991" ind1=" " ind2=" ">
   <subfield code="a">Rezension (Monographie, Zeitschrift, Aufsatz)</subfield>
  </datafield>
  <datafield tag="999" ind1=" " ind2=" ">
   <subfield code="a">KXP-PPN1779412053</subfield>
   <subfield code="e">4017093213</subfield>
  </datafield>
 </record>
</collection>
